000 00758nam a22002777a 4500
001 BR2013000091
003 BR-BrBNA
005 20230928104115.0
007 ta
008 230509b bl.||||| |||| 00| 0 por d
040 _aBR-BrBNA
_bpor
_cBiblioteca Nacional de Agricultura
041 _a(Por)
072 _aD50; P01
090 _ D50 BR2013000091
110 1 _aServiço Nacional de Aprendizagem Rural, Curitiba, PR (Brasil)
_99365
245 1 _aNovo código florestal
260 3 _aCuritiba, PR (Brasil):
_c2012.
300 _a88 p.
650 _aLEGISLAÇÃO
650 _aFLORESTA
650 _aREGULAMENTAÇÃO
650 _aCADASTRO RURAL
650 _aPRESERVAÇÃO DA NATUREZA
909 _a202309
_bLucia
_c55
_dLucia Elande
942 _cBK
999 _c78160
_d78160